| 000 | 00938cam a22002533a 4500 | ||
|---|---|---|---|
| 001 | 12923 | ||
| 003 | PGUSA | ||
| 005 | 20140828083259.0 | ||
| 008 | 040717s2004||||xxu|||||s|||||000 1 eng d | ||
| 040 |
_aPGUSA _beng |
||
| 042 | _adc | ||
| 050 | 4 | _aPR | |
| 100 | 1 |
_aQuiller-Couch, Arthur, _d1863-1944 |
|
| 245 | 1 | 4 |
_aThe Laird's Luck and Other Fireside Tales _h[electronic resource] / _cArthur Quiller-Couch |
| 260 |
_bProject Gutenberg, _c2004 |
||
| 505 | 0 | _aThe laird's luck -- Three men of Badajos -- The two scouts -- Midsummer fires -- Captain Dick and Captain Jacka -- The poisoned ice -- D'Arfet's vengeance -- Margery of Lawhibbet -- Phoebus on Halzaphron. | |
| 506 | _aPublic domain in the USA. | ||
| 516 | _aElectronic text | ||
| 653 | _aNapoleonic Wars, 1800-1815 -- Fiction | ||
| 653 | _aShort stories, English | ||
| 830 | 0 |
_aProject Gutenberg _v12923 |
|
| 856 | 4 | 0 | _uhttp://www.gutenberg.org/ebooks/12923 |
| 942 | _cEB | ||
| 999 |
_c242178 _d242178 |
||